Nachhaltige weltklimaordnung /
Đã lưu trong:
| Tác giả chính: | |
|---|---|
| Định dạng: | Sách |
| Ngôn ngữ: | German |
| Các nhãn: |
Thêm thẻ
Không có thẻ, Là người đầu tiên thẻ bản ghi này!
|
MARC
| LEADER | 00000nam a22000007a 4500 | ||
|---|---|---|---|
| 003 | cru CIDCACS/IIS | ||
| 005 | 20200925161352.0 | ||
| 007 | ta | ||
| 008 | 170511s2009 gw ||||| |||| 00| 0 ger d | ||
| 040 | |c CRAI/IIS |a CRAI/IIS | ||
| 100 | 1 | |9 4657 |a Müller, Michael |d 1948- | |
| 245 | 1 | |a Nachhaltige weltklimaordnung / |c Michael Müller | |
| 300 | |a páginas 21-24 | ||
| 773 | 0 | |0 19298 |9 783 |d Alemania: Verlag J.H.W. Dietz Nachf 1985- |o R17807 |t Neue Gesellschaft: | |
| 942 | |2 ddc |c PP | ||
| 999 | |c 19299 |d 19299 | ||
